ბათუმის შოთა რუსთაველის სახელმწიფო უნივერსიტეტის ბიბლიოთეკა

თავადი სერებრიანი (ბიბ.ჩანაწერი № 50274)

000 -LEADER
fixed length control field 00911nam a2200229Ia 4500
001 - CONTROL NUMBER
control field 17213
003 - CONTROL NUMBER IDENTIFIER
control field GE_BSU
008 - FIXED-LENGTH DATA ELEMENTS--GENERAL INFORMATION
fixed length control field 181216s||||||||xx |||||||||||||| ||und||
040 ## - CATALOGING SOURCE
Transcribing agency GE_BSU
080 ## - UNIVERSAL DECIMAL CLASSIFICATION NUMBER
Universal Decimal Classification number 821.161.1-31
100 ## - MAIN ENTRY--PERSONAL NAME
Personal name ტოლსტოი, ა.კ.
245 ## - TITLE STATEMENT
Title თავადი სერებრიანი
245 ## - TITLE STATEMENT
Remainder of title ივანი მრისხანის დროის ამბავი. რომანი
245 ## - TITLE STATEMENT
Statement of responsibility, etc. თარგმნა შ. სულაბერიძემ. რედ. ლ.იმერლიშვილი
260 ## - PUBLICATION, DISTRIBUTION, ETC.
Place of publication, distribution, etc. თბილისი
260 ## - PUBLICATION, DISTRIBUTION, ETC.
Name of publisher, distributor, etc. საბჭ. საქართველო
260 ## - PUBLICATION, DISTRIBUTION, ETC.
Date of publication, distribution, etc. 1976
300 ## - PHYSICAL DESCRIPTION
Extent 375გვ. ; 20სმ
653 ## - INDEX TERM--UNCONTROLLED
Uncontrolled term თავადი სერებრიანი
653 ## - INDEX TERM--UNCONTROLLED
Uncontrolled term ივანი მრისხანის დროის ამბავი. რომანი
942 ## - ADDED ENTRY ELEMENTS (KOHA)
Koha item type წიგნი
ეგზემპლარები
Withdrawn status Lost status Damaged status Not for loan Date acquired Barcode Date last seen Price effective from Koha item type
        2018-12-17 21995 2018-12-17 2018-12-17 წიგნი